[Event "MrDodgy Inv 3 GpB"]
[Site "chess24.com INT"]
[Date "2022.11.26"]
[Round "9.8"]
[White "Lagarde, Maxime"]
[Black "Muradli, Mahammad"]
[Result "1-0"]
[WhiteTitle "GM"]
[BlackTitle "GM"]
[WhiteElo "2573"]
[BlackElo "2540"]
[WhiteFideId "662399"]
[BlackFideId "13409301"]
[EventDate "2022.11.26"]

1. f4 c5 2. Nf3 d6 3. e4 g6 4. d3 Bg7 5. g3 Nc6 6. Bg2 e6 7. O-O Nge7 8. c3 Rb8
9. Be3 b5 10. d4 cxd4 11. cxd4 d5 12. e5 b4 13. Bf2 h5 14. h3 Ba6 15. Re1 Qb6
16. Nbd2 Na5 17. Rc1 Nc4 18. Nxc4 Bxc4 19. Rxc4 dxc4 20. d5 Qa6 21. dxe6 fxe6
22. Ng5 Rd8 23. Qc2 O-O 24. Bc5 Rd7 25. Bxe7 Rxe7 26. Qxg6 Rd8 27. Kh1 c3 28.
bxc3 bxc3 29. f5 Qd3 30. Qh7+ Kf8 31. f6 Qxh7 32. Nxh7+ Ke8 33. Bc6+ Kf7 34.
Ng5+ Kf8 35. fxe7+ Kxe7 36. Ba4 Bh6 37. h4 Rd3 38. Kg2 Rd2+ 39. Kf3 Rxa2 40. Bb3
Rb2 41. Bc4 Rb4 42. Bd3 Rd4 43. Be4 Bg7 44. Ra1 Rd7 45. Ra6 Rc7 46. Rxe6+ Kd7
47. Bc2 1-0

[Event "MrDodgy Inv 3 GpB"]
[Site "chess24.com INT"]
[Date "2022.11.26"]
[Round "10.1"]
[White "Trent, Lawrence"]
[Black "Muradli, Mahammad"]
[Result "0-1"]
[WhiteTitle "IM"]
[BlackTitle "GM"]
[WhiteElo "2402"]
[BlackElo "2540"]
[WhiteFideId "408638"]
[BlackFideId "13409301"]
[EventDate "2022.11.26"]

1. d4 Nf6 2. Bg5 d5 3. Nd2 c5 4. dxc5 Nc6 5. Ngf3 e6 6. e3 Bxc5 7. a3 h6 8. Bh4
Be7 9. b4 a6 10. c4 a5 11. b5 Nb8 12. Be2 Nbd7 13. O-O O-O 14. Qb1 a4 15. Rc1
Nc5 16. Nd4 e5 17. Nf5 Bxf5 18. Qxf5 d4 19. exd4 Qxd4 20. Nf3 Qf4 21. Qxf4 exf4
22. Bxf6 Bxf6 23. Ra2 Rfd8 24. g3 fxg3 25. hxg3 Rd7 26. Kg2 Rad8 27. Rcc2 g6 28.
Nh2 Kg7 29. Ng4 Bd4 30. Nh2 h5 31. Nf3 Bf6 32. Nh2 b6 33. Nf1 Bd4 34. Bf3 Nd3
35. Rd2 Ne1+ 0-1

[Event "MrDodgy Inv 3 GpB"]
[Site "chess24.com INT"]
[Date "2022.11.26"]
[Round "10.2"]
[White "Tang, Andrew"]
[Black "Lagarde, Maxime"]
[Result "1-0"]
[WhiteTitle "GM"]
[BlackTitle "GM"]
[WhiteElo "2539"]
[BlackElo "2573"]
[WhiteFideId "2059630"]
[BlackFideId "662399"]
[EventDate "2022.11.26"]

1. d4 f5 2. Nf3 Nf6 3. g3 g6 4. Bg2 Bg7 5. O-O O-O 6. b3 b6 7. Bb2 Bb7 8. Nbd2
e6 9. e3 c5 10. Qe2 Nc6 11. Rfd1 Qc7 12. Rac1 Rae8 13. c4 Ne4 14. Nxe4 fxe4 15.
Ng5 cxd4 16. exd4 Bh6 17. h4 d5 18. Bh3 Rf6 19. Bxe6+ Rfxe6 20. Nxe6 Rxe6 21.
cxd5 Bxc1 22. Rxc1 Nxd4 23. Qg4 Nf3+ 24. Kg2 Ne1+ 25. Kf1 Nc2 26. Qxe6+ 1-0

[Event "MrDodgy Inv 3 GpB"]
[Site "chess24.com INT"]
[Date "2022.11.26"]
[Round "10.3"]
[White "Royal, Shreyas"]
[Black "Paravyan, David"]
[Result "0-1"]
[WhiteTitle "FM"]
[BlackTitle "GM"]
[WhiteElo "2435"]
[BlackElo "2586"]
[WhiteFideId "448869"]
[BlackFideId "4194985"]
[EventDate "2022.11.26"]

1. e4 e5 2. Nf3 Nf6 3. d4 Nxe4 4. Bd3 d5 5. Nxe5 Nd7 6. Nxd7 Bxd7 7. O-O Bd6 8.
Nd2 O-O 9. Nf3 Bg4 10. h3 Bh5 11. Be3 c6 12. c3 h6 13. Be2 Re8 14. Qb3 Ng3 15.
fxg3 Rxe3 16. Bd1 Qe7 17. g4 Bg6 18. Bc2 Bxc2 19. Qxc2 Re2 20. Qd3 Qe4 21. Qxe4
dxe4 22. Nh4 g6 23. g3 Bxg3 24. Ng2 Rxb2 25. Rfb1 Rc2 26. Rxb7 e3 27. Re7 e2 28.
Ne1 Rxc3 29. Rxe2 Rd8 30. Rd1 Bc7 31. Kg2 Rg3+ 32. Kf2 Rxh3 33. Nf3 Bd6 34. Rc1
Rg3 35. Rxc6 Rxg4 36. Ra6 Bc7 37. Rxa7 Bb6 38. Rb7 Bxd4+ 39. Nxd4 Rdxd4 40. Ree7
Rdf4+ 41. Ke3 Rf5 42. Ra7 h5 43. a4 h4 44. Kd3 h3 45. Re1 h2 46. Rh1 Rh5 47. Rc7
Rg1 48. Rc1 Rxc1 0-1

[Event "MrDodgy Inv 3 GpB"]
[Site "chess24.com INT"]
[Date "2022.11.26"]
[Round "10.4"]
[White "Eljanov, Pavel"]
[Black "Grachev, Boris"]
[Result "0-1"]
[WhiteTitle "GM"]
[BlackTitle "GM"]
[WhiteElo "2706"]
[BlackElo "2593"]
[WhiteFideId "14102951"]
[BlackFideId "4129199"]
[EventDate "2022.11.26"]

1. Nf3 d5 2. g3 Bf5 3. Bg2 e6 4. c4 c6 5. Qb3 Qb6 6. d3 Nd7 7. O-O Ngf6 8. Nc3
Nc5 9. Qxb6 axb6 10. Nd4 Bg6 11. cxd5 exd5 12. Bh3 Be7 13. Be3 O-O 14. a3 b5 15.
Rac1 Na4 16. Nxa4 Rxa4 17. Nf5 Bxf5 18. Bxf5 Re8 19. Bd2 g6 20. Bh3 h5 21. Rfe1
Bf8 22. Bc3 Bg7 23. e3 Ng4 24. Bxg7 Kxg7 25. d4 b4 26. Rb1 Nf6 27. Rec1 Ne4 28.
Rc2 Rea8 29. Bf1 R8a7 30. Bd3 Nd6 31. axb4 Rxb4 32. Kf1 f5 33. h4 Ra2 34. Ke2
Rb3 35. Kd2 Ne4+ 36. Kc1 Kf6 37. Be2 Nxf2 38. Bxh5 Nd3+ 39. Kd2 gxh5 0-1

[Event "MrDodgy Inv 3 GpB"]
[Site "chess24.com INT"]
[Date "2022.11.26"]
[Round "10.5"]
[White "Sevian, Samuel"]
[Black "Fressinet, Laurent"]
[Result "1-0"]
[WhiteTitle "GM"]
[BlackTitle "GM"]
[WhiteElo "2687"]
[BlackElo "2622"]
[WhiteFideId "2040506"]
[BlackFideId "608742"]
[EventDate "2022.11.26"]

1. c4 Nf6 2. Nc3 c5 3. Nf3 e6 4. e4 Nc6 5. Be2 e5 6. d3 d6 7. O-O g6 8. a3 a5 9.
Ne1 Bg7 10. Nc2 O-O 11. f4 exf4 12. Bxf4 Ne8 13. Qd2 Nc7 14. Bg5 f6 15. Bh4 Be6
16. Kh1 Qd7 17. Nd5 Bxd5 18. cxd5 Ne7 19. d4 b6 20. Rae1 Rae8 21. dxc5 bxc5 22.
Qxa5 f5 23. Ne3 fxe4 24. Bg4 Nf5 25. b4 Ra8 26. Qb6 Rxa3 27. Bxf5 gxf5 28. bxc5
dxc5 29. Qxc5 Rd3 30. d6 Ne6 31. Qc4 Rd4 32. Qa2 f4 33. Be7 fxe3 34. Bxf8 Bxf8
35. Rxe3 Rxd6 36. Rxe4 Kh8 37. Qb2+ Bg7 38. Qb8+ Nd8 39. Rfe1 Rd1 40. h3 Bf6 41.
Qb3 Rxe1+ 42. Rxe1 Kg7 43. Qf3 Nf7 44. Rd1 Qe6 45. Rf1 Ng5 46. Qg3 Kh8 47. Qb8+
Kg7 48. Qg3 Qe5 49. Qg4 Qe4 50. Qg3 Qe5 51. Qg4 Qe4 52. Qd7+ Qe7 53. Qd1 Ne4 54.
Qg4+ Kh8 55. Qc8+ Kg7 56. Qg4+ Kh8 57. Qf4 Qe5 58. Qxe5 Bxe5 59. Rf8+ Kg7 60.
Re8 Kf6 61. Rf8+ Ke7 62. Ra8 Ng3+ 63. Kg1 Nf5 64. Kf1 Bd4 65. g4 Ne3+ 66. Ke2
Nd5 67. Ra6 Nf4+ 68. Kf3 Ne6 69. Ra1 Ng5+ 70. Ke2 Kf6 71. Re1 Ke5 72. Kd3+ 1-0

[Event "MrDodgy Inv 3 GpB"]
[Site "chess24.com INT"]
[Date "2022.11.26"]
[Round "10.6"]
[White "Svidler, Peter"]
[Black "Iturrizaga Bonelli, Eduardo"]
[Result "1-0"]
[WhiteTitle "GM"]
[BlackTitle "GM"]
[WhiteElo "2683"]
[BlackElo "2636"]
[WhiteFideId "4102142"]
[BlackFideId "3901211"]
[EventDate "2022.11.26"]

1. e4 c5 2. Nf3 Nc6 3. Bb5 e6 4. O-O Nd4 5. Nxd4 cxd4 6. c3 a6 7. Ba4 Bc5 8. Qh5
Ba7 9. d3 Ne7 10. cxd4 Bxd4 11. Nd2 O-O 12. Nf3 Ba7 13. d4 f5 14. Bc2 b5 15. Bg5
Qe8 16. Qh3 Bb7 17. d5 Rc8 18. Bd3 fxe4 19. Bxe4 Nf5 20. Rae1 Qg6 21. Be7 Rfe8
22. Ne5 Qh6 23. Qxh6 gxh6 24. dxe6 dxe6 25. Bxb7 Rc7 26. Bxa6 Rexe7 27. Bxb5 Rc2
28. Nc6 Rb7 29. Nxa7 Rxa7 30. Rxe6 Nd4 31. Bd3 Rd2 32. Re3 Rxb2 33. Bc4+ Kg7 34.
Rd1 Nf5 35. Rf3 Nh4 36. Rfd3 Rc7 37. Bb3 Ng6 38. Rd7+ Rxd7 39. Rxd7+ Kf6 40. g3
Ne5 41. Rxh7 Kg6 42. Re7 Nd3 43. f4 Kf5 44. Re3 Nc1 45. Be6+ Kf6 46. Bd5 Ne2+
47. Kf1 Nd4 48. Rd3 Nf5 49. Kg1 Ne7 50. Bb3 Nf5 51. Rf3 h5 52. Rf2 Rb1+ 53. Kg2
Ne3+ 54. Kf3 Nf5 55. Rd2 Re1 56. Rd5 Rh1 57. Kg2 Rb1 58. Kh3 Rb2 59. Ra5 Kg6 60.
Bd5 Ne3 61. Bf3 Nf1 62. Bxh5+ Kh6 63. Kg4 Rxh2 64. Ra6+ Kg7 65. a4 Ne3+ 66. Kg5
Nc4 67. Ra7+ Kf8 68. f5 Ne5 69. f6 Nc6 70. Ra8+ Nb8 71. Rxb8# 1-0

[Event "MrDodgy Inv 3 GpB"]
[Site "chess24.com INT"]
[Date "2022.11.26"]
[Round "10.8"]
[White "Salem, A.R. Saleh"]
[Black "Cori, Jorge"]
[Result "1-0"]
[WhiteTitle "GM"]
[BlackTitle "GM"]
[WhiteElo "2677"]
[BlackElo "2651"]
[WhiteFideId "9301348"]
[BlackFideId "3802272"]
[EventDate "2022.11.26"]

1. d4 Nf6 2. c4 g6 3. Nc3 d5 4. cxd5 Nxd5 5. e4 Nxc3 6. bxc3 Bg7 7. Bc4 c5 8.
Ne2 b6 9. Be3 O-O 10. h4 Ba6 11. Bxa6 Nxa6 12. h5 cxd4 13. cxd4 Qd6 14. h6 Bh8
15. O-O Rfd8 16. Qa4 Nc7 17. Rac1 Ne6 18. e5 Qd7 19. Qxd7 Rxd7 20. Rc6 Rad8 21.
Rfc1 g5 22. g3 g4 23. a4 Nf8 24. Nf4 Ng6 25. Rc7 Rxc7 26. Rxc7 Kf8 27. Rxa7 Ke8
28. Nxg6 hxg6 29. Rb7 f6 30. e6 1-0

[Event "MrDodgy Inv 3 GpB"]
[Site "chess24.com INT"]
[Date "2022.11.26"]
[Round "11.1"]
[White "Cori, Jorge"]
[Black "Trent, Lawrence"]
[Result "1-0"]
[WhiteTitle "GM"]
[BlackTitle "IM"]
[WhiteElo "2651"]
[BlackElo "2402"]
[WhiteFideId "3802272"]
[BlackFideId "408638"]
[EventDate "2022.11.26"]

1. d4 d5 2. c4 e5 3. dxe5 d4 4. a3 Nc6 5. Nf3 Nge7 6. e3 Bg4 7. Be2 dxe3 8. Bxe3
Qxd1+ 9. Bxd1 Ng6 10. O-O Bxf3 11. Bxf3 Ngxe5 12. Bd5 Be7 13. Nc3 O-O 14. Rad1
a6 15. b4 Rfe8 16. h3 Bf8 17. Rfe1 a5 18. b5 Nd8 19. Bd4 c6 20. Bxe5 cxd5 21.
Nxd5 Ne6 22. a4 Rac8 23. Nb6 Rcd8 24. Bc3 Bc5 25. Nd5 b6 26. Kf1 h6 27. Be5 Rc8
28. Rc1 f6 29. Bc3 Kf7 30. Bd2 Ba3 31. Nxb6 Rcd8 32. Bxa5 Bxc1 33. Rxc1 Nc5 34.
Bc3 Ne4 35. Bb4 Rd3 36. a5 Rb3 37. Nd5 Rb2 38. Be1 Nd2+ 39. Bxd2 Rxd2 40. Ne3 f5
41. g3 g5 42. Rc2 Rd3 43. Nxf5 Rd1+ 44. Kg2 Ree1 45. a6 Kf6 46. Ne3 Ra1 47. c5
Ke5 48. c6 Ke4 49. Rc4+ Kd3 50. c7 Ke2 51. Rc2+ 1-0

[Event "MrDodgy Inv 3 GpB"]
[Site "chess24.com INT"]
[Date "2022.11.26"]
[Round "11.2"]
[White "Shevchenko, Kirill"]
[Black "Salem, A.R. Saleh"]
[Result "0-1"]
[WhiteTitle "GM"]
[BlackTitle "GM"]
[WhiteElo "2649"]
[BlackElo "2677"]
[WhiteFideId "14129574"]
[BlackFideId "9301348"]
[EventDate "2022.11.26"]

1. Nf3 Nf6 2. g3 d5 3. Bg2 c5 4. O-O e6 5. c4 d4 6. e3 Nc6 7. exd4 cxd4 8. d3
Bd6 9. Bg5 h6 10. Bxf6 Qxf6 11. Nbd2 Qe7 12. Rc1 O-O 13. Ne4 Bc7 14. Re1 Rd8 15.
a3 a5 16. c5 Bd7 17. Rc4 Be8 18. Ned2 a4 19. Ne4 Na5 20. Rxd4 Nb3 21. Rxd8 Rxd8
22. d4 Ba5 23. Re3 Nxc5 24. Nxc5 Qxc5 25. b4 axb3 26. Rxb3 Bc6 27. Qb1 Qc4 28.
Ne5 Qxd4 29. Nxc6 Qd1+ 30. Bf1 bxc6 31. Qxd1 Rxd1 32. Rb8+ Kh7 33. Ra8 Bb6 34.
Ra6 Rb1 35. Kg2 Rb2 36. Be2 Bd4 37. Kf1 c5 38. a4 Ra2 39. f4 g6 40. Ra7 Kg8 41.
a5 g5 42. f5 exf5 43. a6 Ra1+ 44. Kg2 g4 45. h4 Ra2 46. Kf1 Ra1+ 47. Kg2 Ra2 48.
Kf1 f4 49. Bc4 Rf2+ 50. Ke1 fxg3 51. Rxf7 Bc3+ 52. Kd1 Rd2+ 53. Kc1 g2 54. Rf4+
Kh7 55. Rxg4 h5 56. Rg5 Bf6 57. Rg3 Bxh4 58. Rxg2 Rxg2 59. a7 Rg1+ 60. Kb2 Bf6+
61. Kc2 Ra1 62. Ba2 Rxa2+ 63. Kb3 Rxa7 64. Kc4 Rd7 65. Kxc5 Rd4 66. Kc6 h4 67.
Kb5 h3 68. Kb6 h2 69. Kb5 h1=Q 70. Kc5 Qf3 71. Kb6 Qc3 72. Kb5 Rb4+ 73. Ka6 Qa3# 0-1

[Event "MrDodgy Inv 3 GpB"]
[Site "chess24.com INT"]
[Date "2022.11.26"]
[Round "11.4"]
[White "Fressinet, Laurent"]
[Black "Svidler, Peter"]
[Result "0-1"]
[WhiteTitle "GM"]
[BlackTitle "GM"]
[WhiteElo "2622"]
[BlackElo "2683"]
[WhiteFideId "608742"]
[BlackFideId "4102142"]
[EventDate "2022.11.26"]

1. Nf3 d5 2. d4 Bf5 3. c4 e6 4. Nc3 Nf6 5. Bg5 c6 6. Qb3 Qb6 7. Bxf6 gxf6 8. e3
Qxb3 9. axb3 a6 10. c5 Nd7 11. b4 Rc8 12. Nd2 Bg6 13. Nb3 Rc7 14. Be2 Ke7 15. f4
h5 16. g3 Bg7 17. Kd2 f5 18. h4 Nf6 19. Bf3 Ne4+ 20. Nxe4 fxe4 21. Be2 f6 22.
Rag1 Bh6 23. Rg2 e5 24. Rf1 exd4 25. Nxd4 f5 26. Kc3 Kf6 27. Bd1 Be8 28. Be2 Rg7
29. Rfg1 Rgg8 30. Kd2 Bf8 31. Kc3 Be7 32. Bd1 Rg7 33. Be2 Bd7 34. Bd1 Kg6 35.
Be2 Kh6 36. Bf1 a5 37. bxa5 Bxc5 38. b4 Be7 39. Nb3 Kg6 40. Nc5 Bf6+ 41. Kb3 d4
42. exd4 Bxd4 43. Rh1 Kf6 44. Bc4 Bc8 45. Rd1 Be3 46. Bf1 Rhg8 47. Bc4 Rxg3 48.
Rxg3 Rxg3 49. Ka4 Ke7 50. Rf1 Rf3 51. Rd1 Rxf4 52. Be2 Rxh4 0-1

[Event "MrDodgy Inv 3 GpB"]
[Site "chess24.com INT"]
[Date "2022.11.26"]
[Round "11.5"]
[White "Grachev, Boris"]
[Black "Sevian, Samuel"]
[Result "1-0"]
[WhiteTitle "GM"]
[BlackTitle "GM"]
[WhiteElo "2593"]
[BlackElo "2687"]
[WhiteFideId "4129199"]
[BlackFideId "2040506"]
[EventDate "2022.11.26"]

1. d4 Nf6 2. Nf3 e6 3. Bf4 c5 4. e3 d5 5. c3 Qb6 6. Qb3 Nc6 7. Nbd2 Be7 8. h3
O-O 9. Qxb6 axb6 10. Bc7 Nd7 11. Bb5 c4 12. O-O Ra5 13. a4 Bd8 14. Bd6 Re8 15.
b3 cxb3 16. Nxb3 Ra8 17. c4 dxc4 18. Bxc4 Be7 19. Bxe7 Rxe7 20. Rfc1 Nf6 21. Ne5
Bd7 22. Nxd7 Rxd7 23. Bb5 Rd6 24. Nd2 Na5 25. Rc2 Rdd8 26. Rac1 Nd5 27. Nc4 Nb4
28. Nxb6 Nxc2 29. Nxa8 Nxd4 30. Nb6 Ndc6 31. Nc4 g6 32. Nxa5 Nxa5 33. Rc7 Kf8
34. h4 h5 35. g3 Rd6 36. Rc8+ Ke7 37. Rc7+ Kf8 38. Kg2 b6 39. Rc8+ Ke7 40. Rc7+
Kf8 41. Kf3 Nb3 42. Rc8+ Ke7 43. Rc7+ Kf8 44. g4 Nd2+ 45. Kg3 hxg4 46. Kxg4 Ne4
47. Kf3 Nd2+ 48. Kf4 Rd5 49. e4 Rh5 50. Ke3 Nb3 51. Rc6 Rxh4 52. Rxb6 e5 53. f3
Rh2 54. Bc4 Nc5 55. a5 Rc2 56. a6 Rc3+ 57. Kf2 Rxc4 58. a7 Ra4 59. Rb8+ Ke7 60.
a8=Q Rxa8 61. Rxa8 Kf6 62. Ra5 Nd3+ 63. Ke3 Nf4 64. Ra6+ Kg5 65. Ra5 f6 66. Ra8
Ng2+ 67. Kf2 Nf4 68. Ke3 Ng2+ 69. Kf2 Nf4 70. Ra2 Nd3+ 71. Ke3 Nf4 72. Rb2 Kh6
73. Rh2+ Nh5 74. Rh1 Kg7 75. Rg1 Nf4 76. Rh1 Ne6 77. Kf2 g5 78. Ra1 Kg6 79. Ke3
Nf4 80. Ra8 Ng2+ 81. Kf2 Nf4 82. Kg3 Nd3 83. Kg4 Nf2+ 84. Kg3 Nd1 85. Rd8 Ne3
86. Kf2 Nc2 87. Kg3 Nd4 88. Kg4 Nc2 89. Rg8+ Kf7 90. Rc8 Kg6 91. Rxc2 Kf7 92.
Kf5 Ke7 93. Rc6 g4 94. Re6+ Kd7 95. fxg4 Kd8 96. Rxf6 Ke7 97. g5 Kd7 98. g6 Ke7
99. g7 Kd7 100. g8=Q Ke7 101. Qg7+ Ke8 102. Rf8# 1-0

[Event "MrDodgy Inv 3 GpB"]
[Site "chess24.com INT"]
[Date "2022.11.26"]
[Round "11.6"]
[White "Paravyan, David"]
[Black "Eljanov, Pavel"]
[Result "0-1"]
[WhiteTitle "GM"]
[BlackTitle "GM"]
[WhiteElo "2586"]
[BlackElo "2706"]
[WhiteFideId "4194985"]
[BlackFideId "14102951"]
[EventDate "2022.11.26"]

1. e4 c6 2. d4 d5 3. e5 Bf5 4. h4 h5 5. Bd3 Bxd3 6. Qxd3 Qa5+ 7. c3 e6 8. a4 Ne7
9. b4 Qc7 10. Ne2 Nf5 11. Ng3 g6 12. Nxf5 gxf5 13. Bg5 Be7 14. Nd2 Bxg5 15. hxg5
Nd7 16. a5 Nf8 17. c4 Ng6 18. cxd5 cxd5 19. O-O Kf8 20. Rfc1 Qe7 21. Nf3 Kg7 22.
Qd2 Rac8 23. g3 h4 24. Rxc8 Rxc8 25. Nxh4 Nxh4 26. gxh4 Rh8 27. Qf4 Qxb4 28. Kg2
Qb5 29. g6 Rh6 30. gxf7 Rg6+ 31. Kh2 Kxf7 32. Rc1 Qe2 33. Rc7+ Ke8 34. Rh7 Qf1
35. Qf3 Rg4 36. Rh6 Kf7 37. Rf6+ Kg7 38. Qxg4+ fxg4 0-1

[Event "MrDodgy Inv 3 GpB"]
[Site "chess24.com INT"]
[Date "2022.11.26"]
[Round "11.7"]
[White "Lagarde, Maxime"]
[Black "Royal, Shreyas"]
[Result "1-0"]
[WhiteTitle "GM"]
[BlackTitle "FM"]
[WhiteElo "2573"]
[BlackElo "2435"]
[WhiteFideId "662399"]
[BlackFideId "448869"]
[EventDate "2022.11.26"]

1. f4 d5 2. Nf3 Nf6 3. g3 g6 4. Bg2 Bg7 5. O-O O-O 6. d3 b6 7. e4 dxe4 8. dxe4
Bb7 9. e5 Ne4 10. Be3 Nd7 11. Ng5 Nxg5 12. Bxb7 Rb8 13. Bc6 Nxe5 14. fxe5 Ne6
15. Qd5 Qxd5 16. Bxd5 Bxe5 17. Nc3 Ng7 18. Rad1 Nf5 19. Bf2 a5 20. a4 Rbd8 21.
Bc6 Nd4 22. Bxd4 Bxd4+ 23. Kg2 Kg7 24. Rd3 Bc5 25. Rfd1 Rc8 26. Rd7 Bd6 27. Nb5
h5 28. h4 Rb8 29. c3 Kh6 30. Nxd6 cxd6 31. Rxe7 Rbc8 32. Bd5 Rc5 33. c4 f5 34.
Rde1 f4 35. Rd7 fxg3 36. Ree7 g5 37. Re6+ 1-0

[Event "MrDodgy Inv 3 GpB"]
[Site "chess24.com INT"]
[Date "2022.11.26"]
[Round "11.8"]
[White "Muradli, Mahammad"]
[Black "Tang, Andrew"]
[Result "1-0"]
[WhiteTitle "GM"]
[BlackTitle "GM"]
[WhiteElo "2540"]
[BlackElo "2539"]
[WhiteFideId "13409301"]
[BlackFideId "2059630"]
[EventDate "2022.11.26"]

1. c4 e6 2. Nc3 d5 3. d4 Be7 4. cxd5 exd5 5. Bf4 c6 6. e3 Bf5 7. g4 Be6 8. h3
Nd7 9. Bd3 h5 10. Bf5 g5 11. Bxe6 gxf4 12. Bf5 fxe3 13. fxe3 hxg4 14. Bxg4 Nh6
15. Kd2 Nf6 16. Bf3 Nf5 17. Nge2 Bd6 18. Qc2 Nh4 19. Raf1 Qe7 20. Bg4 Kd8 21.
Rhg1 Nxg4 22. hxg4 Kd7 23. Qb3 Kc7 24. e4 dxe4 25. Rxf7 Nf3+ 26. Kc2 Nxg1 27.
Rxe7+ Bxe7 28. Nxg1 Rh2+ 29. Nge2 Rf8 30. Qe6 Bd6 31. Qxe4 Rf4 32. Qe6 Rxd4 33.
g5 Rg2 34. Kb3 Rb4+ 35. Kc2 Rbg4 36. a3 Rxg5 37. Kb3 Re5 38. Qf7+ Re7 39. Qf3
Rg5 40. Ka2 Be5 41. Qd3 Rgg7 42. Qc4 Kb8 43. Qb3 a6 44. Na4 Rg2 45. Nec3 Rd7 46.
Nc5 Re7 47. Nxa6+ Ka7 48. Nc5 Bd4 49. Qa4+ 1-0

[Event "MrDodgy Inv 3 GpB"]
[Site "chess24.com INT"]
[Date "2022.11.26"]
[Round "12.1"]
[White "Trent, Lawrence"]
[Black "Tang, Andrew"]
[Result "0-1"]
[WhiteTitle "IM"]
[BlackTitle "GM"]
[WhiteElo "2402"]
[BlackElo "2539"]
[WhiteFideId "408638"]
[BlackFideId "2059630"]
[EventDate "2022.11.26"]

1. d4 d5 2. Bg5 h6 3. Bh4 c6 4. Nf3 Qb6 5. Qc1 g5 6. Bg3 g4 7. Ne5 Qxd4 8. e3
Qb6 9. c4 Nf6 10. Nc3 Be6 11. Be2 Bg7 12. Qc2 Nbd7 13. O-O-O Nc5 14. cxd5 cxd5
15. Kb1 O-O 16. f3 Rac8 17. Bf4 Nh5 18. fxg4 Nxf4 19. exf4 Ne4 20. Ka1 Nf2 21.
Qd2 Nxh1 22. Rxh1 d4 23. Ne4 d3 24. Bxd3 Rfd8 25. Qe2 Qa5 26. a3 Qd5 27. Bb1 b5
28. g5 h5 29. Qxh5 b4 30. g6 bxa3 31. gxf7+ Bxf7 32. Qh7+ Kf8 33. Ng5 axb2+ 0-1

[Event "MrDodgy Inv 3 GpB"]
[Site "chess24.com INT"]
[Date "2022.11.26"]
[Round "12.2"]
[White "Royal, Shreyas"]
[Black "Muradli, Mahammad"]
[Result "0-1"]
[WhiteTitle "FM"]
[BlackTitle "GM"]
[WhiteElo "2435"]
[BlackElo "2540"]
[WhiteFideId "448869"]
[BlackFideId "13409301"]
[EventDate "2022.11.26"]

1. e4 c5 2. Nf3 d6 3. Nc3 Nc6 4. g3 g6 5. Bg2 Bg7 6. O-O Nf6 7. d3 O-O 8. Bf4
Nd7 9. Re1 Rb8 10. a4 a6 11. Qd2 Re8 12. Be3 b5 13. axb5 axb5 14. d4 b4 15. Na4
cxd4 16. Nxd4 Bb7 17. c3 Nde5 18. Qe2 bxc3 19. Nxc3 Nxd4 20. Bxd4 Nf3+ 21. Bxf3
Bxd4 22. Qd2 Be5 23. Rab1 Bc6 24. b4 e6 25. Ne2 Qf6 26. Bg2 Qe7 27. Nd4 Bd7 28.
Rec1 Rb6 29. Rb3 Reb8 30. Rcb1 Qf6 31. Ne2 Qe7 32. Nd4 h5 33. h4 Ba4 34. Ra3 Be8
35. Rab3 Qa7 36. Nf3 Bg7 37. Qe3 Qa4 38. Ra3 Rxb4 39. Rxa4 Rxb1+ 40. Kh2 Bxa4
41. Qa7 Be8 42. Qc7 R1b6 43. Ng5 Be5 44. Qe7 R6b7 0-1

[Event "MrDodgy Inv 3 GpB"]
[Site "chess24.com INT"]
[Date "2022.11.26"]
[Round "12.3"]
[White "Eljanov, Pavel"]
[Black "Lagarde, Maxime"]
[Result "0-1"]
[WhiteTitle "GM"]
[BlackTitle "GM"]
[WhiteElo "2706"]
[BlackElo "2573"]
[WhiteFideId "14102951"]
[BlackFideId "662399"]
[EventDate "2022.11.26"]

1. d4 f5 2. Bg5 h6 3. Bh4 g5 4. e3 Bg7 5. Bg3 Nf6 6. Nc3 c6 7. Qd2 b5 8. Bd3 d6
9. h4 g4 10. Nge2 Nh5 11. O-O-O Qa5 12. a3 O-O 13. Kb1 Na6 14. e4 b4 15. Na2 Rb8
16. Bxa6 Bxa6 17. Nxb4 Bxe2 18. Qxe2 c5 19. Qc4+ Kh8 20. Nc6 Qxa3 21. Nxb8 Rxb8
22. Qa2 Qb4 23. Rd3 c4 24. c3 Qb7 25. Rdd1 f4 26. Bh2 Qxe4+ 27. Ka1 Qxg2 28.
Rhg1 Qxh2 29. Qxa7 Re8 30. Rxg4 Qh3 31. Rdg1 Qf3 32. Rg6 Ra8 0-1

[Event "MrDodgy Inv 3 GpB"]
[Site "chess24.com INT"]
[Date "2022.11.26"]
[Round "12.4"]
[White "Sevian, Samuel"]
[Black "Paravyan, David"]
[Result "1/2-1/2"]
[WhiteTitle "GM"]
[BlackTitle "GM"]
[WhiteElo "2687"]
[BlackElo "2586"]
[WhiteFideId "2040506"]
[BlackFideId "4194985"]
[EventDate "2022.11.26"]

1. e4 e5 2. Nf3 Nf6 3. Nxe5 d6 4. Nf3 Nxe4 5. Nc3 Nxc3 6. dxc3 Be7 7. Be3 O-O 8.
Qd2 Bg4 9. h4 Nd7 10. O-O-O c6 11. Be2 d5 12. Nd4 Bxe2 13. Qxe2 Re8 14. Kb1 Bf6
15. g4 Nb6 16. Qf3 Nc4 17. Bc1 Qb6 18. b3 Nd6 19. h5 Ne4 20. g5 Bxd4 21. cxd4
Rf8 22. Rh4 f5 23. Bb2 Rae8 24. Qg2 Qb4 25. Rh3 Re6 26. a3 Qa5 27. Rhd3 Rfe8 28.
f3 Nd6 29. Qg3 Qd8 30. a4 a5 31. Rc3 Qd7 32. Ba3 Nc8 33. Qf4 Qf7 34. h6 g6 35.
Ka2 Re2 36. Rd2 Re1 37. Rcd3 Qd7 38. Rd1 R1e2 39. R3d2 R2e6 40. Rd3 Kf7 41. Qh2
Qd8 42. Qf4 Re2 43. R3d2 R2e3 44. Rd3 R3e6 45. R3d2 Kg8 46. Rd3 Kf7 47. R3d2 Qd7
48. Ka1 Qd8 49. Kb1 Re3 50. Rd3 Re2 51. R3d2 R2e6 52. Ka2 1/2-1/2

[Event "MrDodgy Inv 3 GpB"]
[Site "chess24.com INT"]
[Date "2022.11.26"]
[Round "12.5"]
[White "Svidler, Peter"]
[Black "Grachev, Boris"]
[Result "0-1"]
[WhiteTitle "GM"]
[BlackTitle "GM"]
[WhiteElo "2683"]
[BlackElo "2593"]
[WhiteFideId "4102142"]
[BlackFideId "4129199"]
[EventDate "2022.11.26"]

1. e4 c5 2. Nf3 e6 3. d4 cxd4 4. Nxd4 Nf6 5. Nc3 Nc6 6. a3 d5 7. Bb5 Bd7 8. exd5
exd5 9. O-O Be7 10. h3 O-O 11. Be3 Ne5 12. Qe2 Re8 13. Rad1 a6 14. Bxd7 Qxd7 15.
Bg5 Nc4 16. Qf3 Nxb2 17. Rde1 h6 18. Rxe7 Qxe7 19. Nxd5 Qe4 20. Bxf6 Qxf3 21.
Nxf3 gxf6 22. Nxf6+ Kg7 23. Nxe8+ Rxe8 24. Rb1 Nc4 25. a4 b6 26. Rb4 Rc8 27. Kf1
a5 28. Rb3 Re8 29. Rb5 Re4 30. c3 Na3 31. Rxb6 Rxa4 32. Nd4 Nc4 33. Nf5+ Kg8 34.
Rxh6 Ra1+ 35. Ke2 Ra2+ 36. Kd3 Ne5+ 37. Ke4 Ng6 38. h4 Rxf2 39. g3 a4 40. h5
Rxf5 41. Kxf5 Kg7 42. hxg6 Kxh6 43. gxf7 Kg7 44. Ke6 Kf8 45. g4 a3 46. g5 a2 47.
g6 a1=Q 0-1

[Event "MrDodgy Inv 3 GpB"]
[Site "chess24.com INT"]
[Date "2022.11.26"]
[Round "12.7"]
[White "Salem, A.R. Saleh"]
[Black "Iturrizaga Bonelli, Eduardo"]
[Result "1-0"]
[WhiteTitle "GM"]
[BlackTitle "GM"]
[WhiteElo "2677"]
[BlackElo "2636"]
[WhiteFideId "9301348"]
[BlackFideId "3901211"]
[EventDate "2022.11.26"]

1. d4 Nf6 2. c4 e6 3. Nc3 Bb4 4. a3 Bxc3+ 5. bxc3 c5 6. f3 Nc6 7. e4 O-O 8. Be3
b6 9. Bd3 Ba6 10. Ne2 Na5 11. Bg5 d6 12. O-O h6 13. Bh4 Qc7 14. f4 Nh7 15. f5
exf5 16. exf5 Bxc4 17. f6 g6 18. Nf4 Kh8 19. Re1 Rfe8 20. Bxg6 Rxe1+ 21. Qxe1
fxg6 22. Nxg6+ Kg8 23. Ne7+ Kf7 24. Qe4 Nxf6 25. Bxf6 Kxf6 26. Re1 1-0